Una aproximación semántica a "Himno a la Esperanza" de Arturo Echeverría Loría /
Saved in:
| Main Author: | |
|---|---|
| Format: | Unknown |
| Language: | Spanish |
| Subjects: | |
| Tags: |
Add Tag
No Tags, Be the first to tag this record!
|
MARC
| LEADER | 000000000a22000000004500 | ||
|---|---|---|---|
| 001 | 007114 | ||
| 041 | 0 | |a spa | |
| 100 | 1 | |a Víquez Ruiz, Marcos | |
| 245 | 1 | 4 | |a Una aproximación semántica a "Himno a la Esperanza" de Arturo Echeverría Loría / |c Marcos Víquez Ruiz. |
| 310 | |a semestral | ||
| 650 | 4 | |a ECHEVERRÍA LORÍA, ARTURO | |
| 650 | 4 | |a HIMNO A LA ESPERANZA | |
| 650 | 4 | |a LITERATURA COSTARRICENSE | |
| 650 | 4 | |a POESÍA | |
| 650 | 4 | |a SEMÁNTICA | |
| 773 | 0 | |d Heredia, Costa Rica : Instituto de Estudios Latinoamericanos (IDELA) |t Repertorio Americano. Nueva Época |g número 1 (1996), páginas 65-70 | |
| 942 | |c ARC | ||
| 999 | |c 13232 |d 13232 | ||
